|
|
|
|
| LEADER |
00000nas a2200000 a 4500 |
| 001 |
ssj0003966 |
| 003 |
WaSeSS |
| 005 |
20200512172242.0 |
| 006 |
m d |
| 007 |
cr n |
| 008 |
980126c19839999ne br pss 0 a0eng c |
| 010 |
|
|
|a 2004233386
|
| 016 |
7 |
|
|a 012431883
|2 Uk
|
| 022 |
|
|
|a 1572-9036
|l 0167-8019
|y 0167-8019
|
| 035 |
|
|
|a (WaSeSS)ssj0003966
|
| 040 |
|
|
|a F#A
|b eng
|e pn
|c F#A
|d OCL
|d OCLCQ
|d MUQ
|d OCLCQ
|d GUA
|d OCLCQ
|d SERSO
|d CIT
|d OCLCQ
|d GBT
|d CSU
|d OCLCQ
|d OCLCF
|d OCLCQ
|d DEFHM
|d OCLCO
|d WT2
|d DLC
|d WYU
|d UKMGB
|d OL$
|d OCLCA
|d VT2
|d NJT
|d OCLCQ
|d WaSeSS
|
| 042 |
|
|
|a pcc
|
| 050 |
0 |
0 |
|a QA1
|
| 082 |
0 |
4 |
|a 510
|
| 130 |
0 |
|
|a Acta applicandae mathematicae (Online)
|
| 210 |
1 |
|
|a Acta appl. math.
|b (Dordr., Online)
|
| 222 |
|
0 |
|a Acta applicandae mathematicae
|b (Dordrecht. Online)
|
| 245 |
1 |
0 |
|a Acta applicandae mathematicae
|h [electronic resource].
|
| 260 |
|
|
|a Dordrecht :
|b Kluwer Academic Publishers
|
| 260 |
3 |
|
|3 <2006-> :
|a [Dordrecht] :
|b Springer
|
| 310 |
|
|
|a Bimonthly,
|b 2012-
|
| 321 |
|
|
|a Fifteen issues a year,
|b 1998-
|
| 321 |
|
|
|a Monthly,
|b -1997
|
| 362 |
1 |
|
|a Print began with v. 1, no. 1, published in 1983.
|
| 506 |
|
|
|a License restrictions may limit access.
|
| 515 |
|
|
|a Some issues combined.
|
| 538 |
|
|
|a Mode of access: World Wide Web.
|
| 588 |
0 |
|
|a Vol. 46, issue 1 (Jan. 1997); title from contents screen (publisher's Web site, viewed Mar. 10, 2004).
|
| 588 |
1 |
|
|a Vol. 156, issue 1 (Aug. 2018) (SpringerLink website, viewed Aug. 23, 2018).
|
| 650 |
|
0 |
|a Mathematics
|v Periodicals.
|
| 650 |
|
6 |
|a Mathématiques
|v Périodiques.
|
| 650 |
|
7 |
|a Mathematics.
|2 fast
|0 (OCoLC)fst01012163
|
| 650 |
|
7 |
|a Mathematik
|2 gnd
|
| 655 |
|
0 |
|a Electronic journals.
|
| 776 |
0 |
8 |
|i Print version:
|t Acta applicandae mathematicae
|x 0167-8019
|w (DLC) 83646887
|w (OCoLC)9710183
|
| 850 |
|
|
|a DLC
|
| 856 |
4 |
0 |
|z Full text available from Research Library: 01/01/1999 to 1 year ago
|u https://search.proquest.com/publication/36162
|